| 000 | 00799nam a22001817a 4500 | ||
|---|---|---|---|
| 999 |
_c367 _d367 |
||
| 003 | OSt | ||
| 005 | 20220311104019.0 | ||
| 008 | 180430b xxu||||| |||| 00| 0 spa d | ||
| 040 | _cPJ | ||
| 100 |
_9430 _aLucas Verdú, Pablo |
||
| 245 | 1 | 0 |
_aPrincipios de ciencia política / _cPablo Lucas Verdú. |
| 260 |
_aBuenos Aires : _bTecnos, _c1969-1971. |
||
| 300 |
_a3 v. _c22 cm. |
||
| 490 | _aBiblioteca universitaria | ||
| 505 | _av. 1: Introducción. Hombre y política. Ideologías, mitos y tecnocracia. v. 2: Estructura y dinámica políticas. v. 3: Estado contemporáneo y fuerzas políticas: (Partidos políticos, corrientes interpartidistas, asociaciones, clubs políticos, grupos de presión, propaganda política). | ||
| 650 | 0 |
_9348 _aCIENCIAS POLITICAS |
|
| 942 |
_2udc _cLIB _h32 _iVER |
||